[Event "Cez Trophy Rapid Match"]
[Site "Prague CZE"]
[Date "2007.08.30"]
[Round "1"]
[White "Short,N"]
[Black "Navara,D"]
[Result "1/2-1/2"]
[WhiteElo "2683"]
[BlackElo "2656"]
[EventDate "2007.08.30"]

1. e4 e5 2. Nf3 Nc6 3. Bb5 a6 4. Ba4 Nf6 5. O-O Be7 6. Re1 b5 7. Bb3 d6 8.
c3 O-O 9. a4 Bg4 10. d4 Na5 11. Ba2 c5 12. dxe5 Bxf3 13. Qxf3 dxe5 14. Na3
c4 15. axb5 Bxa3 16. bxa3 axb5 17. Rb1 Qb6 18. Qf5 Rfe8 19. Bg5 Nb7 20.
Bxf6 Qxf6 21. Qxf6 gxf6 22. Rxb5 Nd6 23. Rd5 Re6 24. Red1 Rxa3 25. Rxd6
Rxd6 26. Rxd6 Rxa2 27. f3 Kg7 28. Rc6 h5 29. h4 Kg6 30. Kh2 Rc2 31. Rxc4 f5
32. exf5+ Kxf5 33. Kh3 Kg6 34. Rc6+ Kg7 35. g4 hxg4+ 36. Kxg4 Rf2 37. h5 f6
38. Rc7+ Kh6 39. c4 Rc2 40. Kf5 Rf2 41. Kxf6 e4 42. Ke5 exf3 43. Kf4 Kxh5
44. Rc6 Rf1 45. c5 f2 46. Kf3 Kg5 47. Kg2 Rc1 48. Kxf2 Kf4 49. Ke2 Ke4 50.
Kd2 Kd5 51. Rd6+ Kxc5 52. Kxc1 Kxd6 1/2-1/2

[Event "Cez Trophy Rapid Match"]
[Site "Prague CZE"]
[Date "2007.08.30"]
[Round "3"]
[White "Short,N"]
[Black "Navara,D"]
[Result "0-1"]
[WhiteElo "2683"]
[BlackElo "2656"]
[EventDate "2007.08.30"]

1. e4 c5 2. Nf3 d6 3. d4 cxd4 4. Nxd4 Nf6 5. Nc3 a6 6. Be2 e5 7. Nb3 Be7 8.
O-O O-O 9. Re1 Be6 10. Bf3 Nbd7 11. a4 Rc8 12. Nd2 Qa5 13. Nf1 b5 14. Ne3
b4 15. Ncd5 Bxd5 16. exd5 Bd8 17. Bd2 Qc5 18. Rc1 Ba5 19. h3 Nb6 20. c4
Nbd7 21. g4 g6 22. g5 Ne8 23. Bg4 f5 24. gxf6 Nexf6 25. Be6+ Kh8 26. Qe2
Bb6 27. Rf1 a5 28. Ng2 Qc7 29. Bh6 Rce8 30. Bxd7 Qxd7 31. Bxf8 Qxh3 32.
Bxd6 Ng4 33. Qxg4 Qxg4 34. c5 Ba7 35. Rfe1 Kg8 36. b3 Qf3 37. Ne3 g5 38.
Bc7 g4 39. d6 Rf8 40. d7 Qxf2+ 41. Kh1 g3 42. Ng2 Qf5 43. Kg1 0-1

[Event "Cez Trophy Rapid Match"]
[Site "Prague CZE"]
[Date "2007.08.31"]
[Round "4"]
[White "Navara,D"]
[Black "Short,N"]
[Result "1-0"]
[WhiteElo "2656"]
[BlackElo "2683"]
[EventDate "2007.08.30"]

1. e4 Nc6 2. Nf3 e5 3. Bb5 a6 4. Ba4 Nf6 5. O-O Be7 6. Re1 b5 7. Bb3 O-O 8.
h3 Rb8 9. c3 d5 10. exd5 Nxd5 11. Nxe5 Nxe5 12. Rxe5 Bb7 13. d4 Bf6 14. Re1
Re8 15. a4 b4 16. c4 Ne7 17. d5 Nf5 18. Rxe8+ Qxe8 19. Nd2 Nd4 20. Nf1 c6
21. Be3 Nxb3 22. Qxb3 cxd5 23. cxd5 Qe5 24. Rd1 Qxb2 25. Qxb2 Bxb2 26. Bb6
Bc8 27. a5 Bd7 28. Nd2 Re8 29. Nb3 Bc3 30. Nc5 b3 31. Nxd7 b2 32. Be3 Bxa5
33. Rb1 Bc3 34. Nc5 Rd8 35. Ne4 Be5 36. f4 Rxd5 37. fxe5 Rxe5 38. Rxb2 h6
39. Rb4 f5 40. Nf6+ gxf6 41. Bxh6 Kf7 42. Ra4 1-0

[Event "Cez Trophy Rapid Match"]
[Site "Prague CZE"]
[Date "2007.08.31"]
[Round "5"]
[White "Short,N"]
[Black "Navara,D"]
[Result "0-1"]
[WhiteElo "2683"]
[BlackElo "2656"]
[EventDate "2007.08.30"]

1. e4 e6 2. d4 d5 3. Nc3 Nf6 4. e5 Nfd7 5. f4 c5 6. Nf3 Nc6 7. Ne2 b5 8.
Be3 b4 9. g4 Ba6 10. Ng3 Bxf1 11. Rxf1 Qb6 12. Qd2 cxd4 13. Nxd4 Bc5 14.
O-O-O a5 15. Rf3 Nxd4 16. Bxd4 Bxd4 17. Qxd4 Qxd4 18. Rxd4 Ke7 19. h4 Rhc8
20. a3 Nb8 21. Nh5 Nc6 22. Rd2 g6 23. Nf6 a4 24. Kb1 bxa3 25. Rxa3 Na5 26.
Rd4 Nc4 27. Ra2 h6 28. b3 axb3 29. Rxa8 bxc2+ 30. Kxc2 Rxa8 31. Rd3 Rc8 32.
Kb1 Rb8+ 33. Kc1 Rb2 34. g5 h5 35. Rc3 Rb7 36. Kd1 Kd8 37. Rc1 Ne3+ 38. Ke2
Ng2 39. Ra1 Nxf4+ 40. Ke3 Ng2+ 41. Kd4 Rc7 42. Ra8+ Rc8 43. Ra7 Rc4+ 44.
Kd3 Nxh4 45. Rd7+ Kc8 46. Rxf7 Nf3 47. Nd7 Nxg5 48. Nb6+ Kd8 49. Rg7 Rg4
50. Nd7 Nf3 51. Ke3 Nxe5 52. Nc5 Ke8 53. Nxe6 Re4+ 0-1

[Event "Cez Trophy Rapid Match"]
[Site "Prague CZE"]
[Date "2007.08.31"]
[Round "6"]
[White "Navara,D"]
[Black "Short,N"]
[Result "1/2-1/2"]
[WhiteElo "2656"]
[BlackElo "2683"]
[EventDate "2007.08.30"]

1. d4 e6 2. e4 d5 3. Nc3 Bb4 4. Nge2 Ne7 5. a3 Ba5 6. g3 dxe4 7. b4 Bb6 8.
Nxe4 e5 9. dxe5 Qxd1+ 10. Kxd1 Bf5 11. Bg2 Nbc6 12. f4 a5 13. Bb2 axb4 14.
axb4 Rxa1+ 15. Bxa1 Nxb4 16. Nd4 O-O 17. Kc1 Ra8 18. Bb2 Bxd4 19. Bxd4 Ra4
20. Rd1 Nbc6 21. Bc5 Bxe4 22. Bxe4 Rxe4 23. Bxe7 f6 24. Bd8 fxe5 25. Bxc7
exf4 26. Bxf4 h6 27. Rd7 b5 28. Kd2 Rc4 29. Rc7 Rd4+ 30. Ke3 Rc4 31. Kd2
Rd4+ 32. Kc3 Rc4+ 33. Kb2 Rb4+ 34. Kc3 1/2-1/2